The Zondervan pictorial encyclopedia of the Bible. (Record no. 20774)

MARC details
000 -LEADER
fixed length control field 01376cam a2200313 4500
001 - CONTROL NUMBER
control field 4095795
003 - CONTROL NUMBER IDENTIFIER
control field OSt
005 - DATE AND TIME OF LATEST TRANSACTION
control field 20251128121144.0
008 - FIXED-LENGTH DATA ELEMENTS--GENERAL INFORMATION
fixed length control field 740402s1975 miua e 000 0 eng
010 ## - LIBRARY OF CONGRESS CONTROL NUMBER
LC control number 74006313
020 ## - INTERNATIONAL STANDARD BOOK NUMBER
International Standard Book Number 0310331889
035 ## - SYSTEM CONTROL NUMBER
System control number 4095795
040 ## - CATALOGING SOURCE
Original cataloging agency DLC
Transcribing agency DLC
Modifying agency DLC
050 00 - LIBRARY OF CONGRESS CALL NUMBER
Classification number BS440
Item number .Z63
082 00 - DEWEY DECIMAL CLASSIFICATION NUMBER
Classification number 220.3
245 04 - TITLE STATEMENT
Title The Zondervan pictorial encyclopedia of the Bible.
Statement of responsibility, etc. General editor: Merrill C. Tenney. Associate editor: Steven Barabas. Consulting editors--Old Testament: Gleason L. Archer [and] R. Laird Harris. Consulting editors--theology: Harold B. Kuhn, [and] Addison H. Leitch. Archeology editor: E. M. Blaiklock. Manuscript editor--Edward Viening. Photo and layout editor, T. Alton Bryant.
260 ## - PUBLICATION, DISTRIBUTION, ETC. (IMPRINT)
Place of publication, distribution, etc. Grand Rapids,
Name of publisher, distributor, etc. Zondervan Pub. House
Date of publication, distribution, etc. [1975]
300 ## - PHYSICAL DESCRIPTION
Extent 5 v.
Other physical details illus.
Dimensions 25 cm.
336 ## - CONTENT TYPE
Content type term text
Content type code txt
Source rdacontent
337 ## - MEDIA TYPE
Media type term unmediated
Media type code n
Source rdamedia
338 ## - CARRIER TYPE
Carrier type term volume
Carrier type code nc
Source rdacarrier
505 0# - FORMATTED CONTENTS NOTE
Formatted contents note v. 1. A-C.--v. 2. D-G.--v. 3. H-L.--v. 4. M-P.--v. 5. Q-Z.
630 00 - SUBJECT ADDED ENTRY--UNIFORM TITLE
Uniform title Bible
Form subdivision Encyclopedias.
655 #7 - INDEX TERM--GENRE/FORM
Genre/form data or focus term Encyclopedias.
Source of term lcgft
Authority record control number https://id.loc.gov/authorities/genreForms/gf2014026092
700 1# - ADDED ENTRY--PERSONAL NAME
Personal name Tenney, Merrill C.
Fuller form of name (Merrill Chapin),
Dates associated with a name 1904-1985,
Relator term ed.
906 ## - LOCAL DATA ELEMENT F, LDF (RLIN)
a 7
b cbc
c orignew
d 1
e ocip
f 19
g y-gencatlg
942 ## - ADDED ENTRY ELEMENTS (KOHA)
Source of classification or shelving scheme Library of Congress Classification
Koha item type General Collection
Holdings
Withdrawn status Lost status Source of classification or shelving scheme Not for loan Home library Current library Date acquired Source of acquisition Inventory number Total Checkouts Full call number Barcode Date last seen Copy number Price effective from Koha item type Shelving location
    Library of Congress Classification   Kabarak, Main Campus Kabarak, Main Campus 28/11/2025 Donation 2025/2607   BS440 .Z63 1976 V.1 C.1 39079 28/11/2025 C.1 28/11/2025 General Collection  
    Library of Congress Classification   Kabarak, Main Campus Kabarak, Main Campus 28/11/2025 Donation 2025/   BS440 .Z63 1976 V.3. C.1 39076 28/11/2025 C.1 28/11/2025 General Collection General Stacks
    Library of Congress Classification Not For Loan Kabarak, Main Campus Kabarak, Main Campus 28/11/2025 Donation 2025/2600   BS440 .Z63 1976 V.2. C.1 39104 05/12/2025 C.1 28/11/2025 Reference Reference
    Library of Congress Classification Not For Loan Kabarak, Main Campus Kabarak, Main Campus 28/11/2025 Donation 2025/2610   BS440 .Z63 1976 V.5. C.1 39103 05/12/2025 C.1 28/11/2025 Reference Reference
Designed with assistance from East African Informatics Ltd